000 01109nam a22002417a 4500
005 20170531105705.0
010 _aB-670038
020 _a9789386189905
_c2100.00
035 _aB-670038
035 _aB-666046
037 _bCL/RP/K.K. Publications
037 _bVariety
082 _a657.0954
100 _aChatterjee, B.D.
245 _aTaxmann's illustrated guide to Indian accounting standards [Ind AS] :
_bas amended by companies (Indian accounting standards) (Amendment) rules 2016 /
_cby B.D. Chatterjee
250 _a3rd ed
260 _aNew Delhi
_bTaxmann Publications
_c2017
270 _a59/32, New Rohtak Road
_bNew Delhi
_e110005
300 _aI-276,962p.
_c24cm(Hb)
942 _2ddc
_cEN
_h657.0954
_mCHA
999 _c138304
_d138304